000 00557nam a2200193 a 4500
001 1772447158812
003 YourLibrary
005 20260302160218.0
008 260302s2010##################000#0#eng##
020 _a9788171393640
082 0 4 _a327.174
_bSHR
100 1 _aTripathi, Shri Prakash Mani,
_eauthor.
245 1 0 _aWorld Encyclopaedia Of Nuclear Arms Control And Non-Proliferation (4 Vols. Set) :
260 _c2010.
300 _a1392 pages
650 0 _aNuclear arms control.
942 _cENGLISH
040 _aYourLibrary
_beng
_cYourLibrary
999 _c616566
_d616566